00623nam a2200217 450000500170000000800410001702000220005804100120008008200350009210000240012724500610015125000160021226000500022830000180027836500160029650000170031265000250032965100250035494200070037999900190038620260404115109.0260404b |||||||| |||| 00| 0 eng d a978-93-5696-202-6 aEnglish 29th 2025a PH 615.1 TRI B13197 aTripathi KD9217602 aOne Stop Resource Fo All your Exam Needs in Pharmacology a9th ed 2025 aNew DelhibJaypee Brothers Medical Pub.c2025 avii; 181pbpb aRupayecINR aPharmacology aPharmacology9217603 aPharmacology9217604 cBK c370866d370866